Statistics for Non-Voting Members of the US Congress

Click here to take the quiz!

General Stats

  • This quiz has been taken 37 times
  • The average score is 5 of 6

Answer Stats

HintAnswer% Correct
CaribbeanPuerto Rico
100%
Mainland United StatesWashington, D.C.
97%
Pacific OceanGuam
97%
CaribbeanU.S. Virgin Islands
91%
Pacific OceanAmerican Samoa
91%
Pacific OceanNorthern Marianas Islands
28%

Score Distribution

Percentile by Number Answered

Percent of People with Each Score

Your Score History

You have not taken this quiz